Pengembaraan Ibn Battutah : pengembara agung, karya terulung, menyingkap wajah dunia

Bibliographic Details
Other Authors: Adi Setia Mohd. Dom, Ismail Haji Ibrahim, Syed Nurul Akla Syed Abdullah, Wan Roslili Abd. Majid
Format: Book
Published: Kuala Lumpur : Institut Kefahaman Islam Malaysia (IKIM) , 2003
Subjects:

MARC

LEADER 00000cam a2200000 7i4500
001 0000003181
005 20050309.0
020 0 0 |a 9839099574 
090 0 0 |a 910.92   |b PEN 
245 0 0 |a Pengembaraan Ibn Battutah :   |b pengembara agung, karya terulung, menyingkap wajah dunia   |c penterjemah Syed Nurul Akla Syed Abdullah, Adi Setia Mohd. Dom; penyunting Ismail Haji Ibrahim, Wan Roslili Abd. Majid 
260 0 0 |a Kuala Lumpur :   |b Institut Kefahaman Islam Malaysia (IKIM) ,   |c 2003 
300 |a xxi, 967ms. :   |b il. ;   |c 26cm. 
600 0 0 |a Ibn Battuta, ,   |d 1304-1377   |x Journeys 
650 0 0 |a East Asia   |x Description and travel 
650 0 0 |a Voyages and travels 
700 1 1 |a Adi Setia Mohd. Dom 
700 1 1 |a Ismail Haji Ibrahim. 
700 1 1 |a Syed Nurul Akla Syed Abdullah 
700 1 1 |a Wan Roslili Abd. Majid 
999 |a 0000005904   |b Monograph   |c Open Shelf   |e Default branch